000 00645nam a2200241 a 4500
001 nice12345678
003 IN_TiNIC
005 20260116014614.0
008 050524s1997 dela grp 000 0 eng
020 _a8185220
_c70
082 0 0 _a303.6250954
_bANS
100 _aAnsari, Iqbal A
245 _aCommunal Riots the State and Law in India
260 _aDelhi
_bInstt.Of Objective Studies
_c1997
300 _a512p
500 _aincludes index and biblioraphy
505 2 _aRefrences, Acknowledgements, Index
650 _aCommunalism-India
700 1 _aAnsari, Iqbal A
902 _bSRS
942 _cBK
999 _c16192
_d16192